ARRUPE JESUIT UNIVERSITY

CORONAVIRUS -STOP THE SPREAD - CLEAN,DISINFECT,COVER

The future of (almost) everything : (Record no. 130912)

MARC details
000 -LEADER
fixed length control field 01187cam a22003377a 4500
001 - CONTROL NUMBER
control field 18966690
003 - CONTROL NUMBER IDENTIFIER
control field ARRUPE
005 - DATE AND TIME OF LATEST TRANSACTION
control field 20211019092906.0
008 - FIXED-LENGTH DATA ELEMENTS--GENERAL INFORMATION
fixed length control field 160208t20152015enka 001 0 eng d
010 ## - LIBRARY OF CONGRESS CONTROL NUMBER
LC control number 2015513087
020 ## - INTERNATIONAL STANDARD BOOK NUMBER
International Standard Book Number 9781781254974 (pbk.)
020 ## - INTERNATIONAL STANDARD BOOK NUMBER
International Standard Book Number 1781254974 (pbk.)
020 ## - INTERNATIONAL STANDARD BOOK NUMBER
Cancelled/invalid ISBN 9781782831815 (ePub ebook)
035 ## - SYSTEM CONTROL NUMBER
System control number (OCoLC)ocn920376107
040 ## - CATALOGING SOURCE
Original cataloging agency CDX
Transcribing agency CDX
Modifying agency UAB
-- OCLCF
-- DLC
042 ## - AUTHENTICATION CODE
Authentication code lccopycat
050 00 - LIBRARY OF CONGRESS CALL NUMBER
Classification number HM836
Item number .D59 2015
082 04 - DEWEY DECIMAL CLASSIFICATION NUMBER
Classification number 303.4/8
Edition number 23
300 ## - PHYSICAL DESCRIPTION
Other physical details illustrations (black and white) ;
Dimensions 20 cm
100 1# - MAIN ENTRY--PERSONAL NAME
Personal name Dixon, Patrick,
Relator term author.
9 (RLIN) 50539
245 14 - TITLE STATEMENT
Title The future of (almost) everything :
Remainder of title the global changes that will affect every business and all of our lives /
Statement of responsibility, etc Patrick Dixon.
246 1# - VARYING FORM OF TITLE
Display text Subtitle on cover:
Title proper/short title global changes that will affect every business and all our lives
260 ## - PUBLICATION, DISTRIBUTION, ETC. (IMPRINT)
Place of publication, distribution, etc London
Name of publisher, distributor, etc Profile Books
Date of publication, distribution, etc 2015
300 ## - PHYSICAL DESCRIPTION
Extent 344 pages :
500 ## - GENERAL NOTE
General note Includes index.
650 #0 - SUBJECT ADDED ENTRY--TOPICAL TERM
Topical term or geographic name as entry element Social change.
650 #0 - SUBJECT ADDED ENTRY--TOPICAL TERM
Topical term or geographic name as entry element Globalization.
9 (RLIN) 4951
650 #0 - SUBJECT ADDED ENTRY--TOPICAL TERM
Topical term or geographic name as entry element Future, The.
9 (RLIN) 50540
906 ## - LOCAL DATA ELEMENT F, LDF (RLIN)
a 7
b cbc
c copycat
d 3
e ncip
f 20
g y-gencatlg
942 ## - ADDED ENTRY ELEMENTS (KOHA)
Source of classification or shelving scheme Library of Congress Classification
Koha item type Monograph ( Printed materials)
Holdings
Withdrawn status Lost status Source of classification or shelving scheme Damaged status Not for loan Collection code Home library Current library Shelving location Date acquired Total Checkouts Full call number Barcode Date last seen Price effective from Koha item type
    Library of Congress Classification     Main Collection ARRUPE LIBRARY ARRUPE LIBRARY Main Collection 19/10/2021   HM836 .D59 2015 46600007212 19/10/2021 19/10/2021 Monograph ( Printed materials)

 

Arrupe Library. PO Box MP320 Mt Pleasant, Harare, Zimbabwe
263 242 745411|librarian@aju.ac.zw